000
00309nam a2200133 a 4500
001
4627
003
CDMR
005
20130116135258.0
008
130130s2010||||||||||||||||||||||||||||d
040
_a
CDMR
_b
cat
_c
CPC GIRONA
245
0
_a
Girona
_b
Jaume Vicens i Vives
260
_c
2010
_b
Editorial Base
942
_c
MON
999
_c
4627
_d
4627